000
00227nam a22000857a 4500
008
160905b xxu||||| |||| 00| 0 eng d
100
_9
298
_a
Singh N
245
_a
Secondary Physics for us-X
260
_a
New Delhi
_b
APC publication
_c
2006
999
_c
2957
_d
2957